Neisté daňové postupy v prípade dane z príjmu podľa IFRIC 23
Začiatkom júna 2017 pripravil IFRS IC ( a IASB vydala) v poradí už dvadsiatu tretiu interpretáciu IFRIC zameranú na postupy uplatňované v prípade dane z príjmu.
Salvato in:
| Autore principale: | |
|---|---|
| Natura: | Capitolo di libro |
| Lingua: | slovacco |
| Soggetti: | |
| Tags: |
Nessun Tag, puoi essere il primo ad aggiungerne!!
|
MARC
| LEADER | 00000naa a2200000 4500 | ||
|---|---|---|---|
| 001 | 0234783 | ||
| 005 | 20240502073815.3 | ||
| 041 | 0 | |a slo | |
| 044 | |a SK | ||
| 245 | 1 | 0 | |a Neisté daňové postupy v prípade dane z príjmu podľa IFRIC 23 |c Miloš Tumpach |
| 520 | |a Začiatkom júna 2017 pripravil IFRS IC ( a IASB vydala) v poradí už dvadsiatu tretiu interpretáciu IFRIC zameranú na postupy uplatňované v prípade dane z príjmu. | ||
| 610 | 2 | 0 | |a dane z príjmov |
| 610 | 2 | 0 | |a harmonizácia |
| 610 | 2 | 0 | |a štandardy účtovné medzinárodné |
| 610 | 2 | 0 | |a závierka účtovná |
| 100 | 1 | |a Tumpach, Miloš, 1970- | |